000 00480 a2200205 4500
260 _bOffice des Publications Universitaires
245 _aNord-Sud : les enjeux
300 _a322p.
260 _aAlger
650 _aDéveloppement Nord-Sud
260 _c1981
300 _b22cm
100 _lFr
630 _a33 - Economie - Economie politique
037 _aDe 4146
650 _a3 - SCIENCES SOCIALES
100 _aSid-Ahmed, Abdelkader
999 _c44139
_d44139